| 000 -LEADER |
| fixed length control field |
00538cam a2200193 i 4500 |
| 001 - CONTROL NUMBER |
| control field |
15324 |
| 003 - CONTROL NUMBER IDENTIFIER |
| control field |
BD-DhUAP |
| 005 - DATE AND TIME OF LATEST TRANSACTION |
| control field |
20200202100913.0 |
| 008 - FIXED-LENGTH DATA ELEMENTS--GENERAL INFORMATION |
| fixed length control field |
200202t20082000ii b 000 0 eng |
| 020 ## - INTERNATIONAL STANDARD BOOK NUMBER |
| International Standard Book Number |
9788175344808 |
| 040 ## - CATALOGING SOURCE |
| Original cataloging agency |
DLC |
| Language of cataloging |
eng |
| Description conventions |
rda |
| Transcribing agency |
DLC |
| Modifying agency |
BD-DhUAP |
| 082 ## - DEWEY DECIMAL CLASSIFICATION NUMBER |
| Edition number |
23 |
| Classification number |
340.0207 CRO |
| 100 ## - MAIN ENTRY--PERSONAL NAME |
| Personal name |
Crombie, David. |
| 245 10 - TITLE STATEMENT |
| Title |
The world's stupidest laws / |
| Statement of responsibility, etc. |
David Crombie. |
| 264 #1 - PRODUCTION, PUBLICATION, DISTRIBUTION, MANUFACTURE, AND COPYRIGHT NOTICE |
| Place of production, publication, distribution, manufacture |
New Delhi : |
| Name of producer, publisher, distributor, manufacturer |
Universal, |
| Date of production, publication, distribution, manufacture, or copyright notice |
c2000 [Reprinted 2008]. |
| 300 ## - PHYSICAL DESCRIPTION |
| Extent |
127 pages : |
| Other physical details |
illustrations ; |
| Dimensions |
22 cm |
| 650 ## - SUBJECT ADDED ENTRY--TOPICAL TERM |
| Topical term or geographic name entry element |
Law. |
| 942 ## - ADDED ENTRY ELEMENTS (KOHA) |
| Source of classification or shelving scheme |
|
| Koha item type |
Book |